000 01000nam a2200265 i 4500
001 6557
003 ES-MaACL
005 20240513120303.0
007 t|
008 900115s1989 sp ||||1| spa d
020 _a84-7658-169-6
080 _a86(Ayala,F.1.06)
245 0 0 _aFrancisco Ayala
_b: Premio Nacional de las Letras Españolas 1988 /
_c[Rosario Hiriart... (et al.)].
250 _a1a ed.
260 _aBarcelona :
_bAnthropos :
_b; Madrid : Direccion General del Libro y Bibliotecas,
_c1989.
300 _a144 p :
_bfot. bl. y n. ;
_c20 cm.
490 1 _aAmbitos literarios. Premios nacionales de las letras españolas ;
_v5
500 _aIndice.
600 1 4 _aAyala, Francisco,
_d1906-2009-
_xCrítica e interpretación
_924112
700 0 _aHiriart, Rosario,
_d1936-
_963800
830 0 _aAmbitos literarios.
_pPremios nacionales de las letras españolas ;
_v5
_9177491
852 _aES-MaACL
_jL-13724
_bR.117299
_z. - rust.
942 _2udc
999 _c6557
_d6557